| 000 | 00715nam a2200181 a 4500 | ||
|---|---|---|---|
| 008 | 150521s2014 ||||||||||||||||| || u | ||
| 020 | _a9781452257884 | ||
| 050 | _aLB 2369 Wen | ||
| 100 | _aWentz, Elizabeth A | ||
| 245 | 1 | 0 |
_aHow to design, write, and present a successful dissertation proposal _cBy Elizabeth A. Wentz |
| 260 |
_aLos Angeles _bSAGE Publications _c2014 |
||
| 300 | _axviii, 213p.: ill. | ||
| 350 | _a39.00 | ||
| 650 | _aDISSERTATIONS, ACADEMIC--UNITED STATES | ||
| 650 | 0 | _aREPORT WRITING | |
| 650 | _aRESEARCH -- UNITED STATES | ||
| 995 |
_FCBU-MAIN LIBRARY (Kitwe) _I39.00 _M1 _UAVAILABLE _WMay 26, 2015 _ZMain Library Open Access Collection |
||
| 999 |
_c45798 _d45798 |
||